Marketing športových klubov HC Slovan Bratislava a ŠK Slovan Bratislava bakalárska práca

Saved in:
Bibliographic Details
Main Author: Hladík, Stanislav
Corporate Author: Obchodná fakulta EU. Katedra marketingu
Other Authors: Hasprová, Mária, 1970-
Format: Book
Language:Slovak
Published: Bratislava 2009
Tags: Add Tag
No Tags, Be the first to tag this record!

MARC

LEADER 00000nam$a2200000$$$4500
001 0099812
005 20240318135418.7
041 0 |a slo 
044 |a SK 
245 1 0 |a Marketing športových klubov HC Slovan Bratislava a ŠK Slovan Bratislava  |b bakalárska práca  |c Stanislav Hladík ; škol. Mária Hasprová 
264 1 |a Bratislava  |c 2009 
300 |a 40 s. 
100 1 |a Hladík, Stanislav 
700 1 |a Hasprová, Mária, 1970- 
710 2 |a Obchodná fakulta EU. Katedra marketingu